Name all assisters of Harry Kane's record 54 England goals - Statistics

General Stats
  • This quiz has been taken 96 times
  • The average score is 7 of 16
Answer Stats
Assists Answer % Correct
9 Sterling
83%
1 Rashford
72%
2 Walker
72%
3 Shaw
68%
2 Foden
67%
1 Maguire
67%
1 Henderson
63%
1 Grealish
56%
1 Alexander-Arnold
49%
2 Alli
49%
3 Chilwell
28%
1 Loftus-Cheek
15%
1 Lallana
10%
1 Smith-Rowe
5%
1 Bertrand
3%
1 Shelvey
1%
No matching quizzes found
Score Distribution
Percent of People with Each Score
Percentile by Number Answered
Your Score History
You have not taken this quiz